Music Quiz

Random Music or Song Quiz
Score 0/15 Timer 10:00
0 Plays Today
% Correct
We Weren't Born To Follow
81.4%
Always
74.4%
Blood On Blood
56.9%
I'll Sleep When I'm Dead
56.1%
In These Arms
55.9%
Misunderstood
48.2%
Just Older
46.7%
Summertime
39.7%
% Correct
All About Loving You
30.9%
Next 100 Years
30.7%
The Radio Saved My Life Tonight
20.9%
Real Life
19.2%
Walk Like A Man
12.4%
Stay
11.7%
Crazy Love
8.5%
Remove Ads.
Support Sporcle.
Get the best of Sporcle when you Go Orange. This ad-free experience offers more features, more stats, and more fun while also helping to support Sporcle. Thank you for becoming a member.

You're not logged in!

Compare scores with friends on all Sporcle quizzes.
OR
Log In

Show Comments

Extras

Created Sep 28, 2009ReportNominate
Tags:Song Quiz, bon, Bon Jovi, Jovi

Top Quizzes Today


Score Distribution

Your Account Isn't Verified!

In order to create a playlist on Sporcle, you need to verify the email address you used during registration. Go to your Sporcle Settings to finish the process.

Report this User

Report this user for behavior that violates our Community Guidelines.

Details: